[Event "Floripa Chess Open 2024"]
[Site "Florianopolis"]
[Date "2024.01.27"]
[Round "9.18"]
[White "Da Silva, Lucas Pereira Mende"]
[Black "Coppola, Claudio"]
[Result "0-1"]
[WhiteElo "1974"]
[BlackElo "2250"]
[PlyCount "82"]
[EventDate "2024.01.20"]
[EventRounds "10"]
[EventCountry "BRA"]

1. e4 c5 2. Nf3 d6 3. d4 cxd4 4. Nxd4 Nf6 5. Nc3 g6 6. Be2 Bg7 7. Be3 a6 8. f4
Nbd7 9. Nb3 ({RR} 9. g4 Qa5 10. Nb3 Qc7 11. g5 Ng8 12. Qd2 Bxc3 13. bxc3 b5 14.
a4 Bb7 15. axb5 Bxe4 16. O-O e6 17. Qd4 Bxc2 18. Qxh8 Nf8 19. b6 Qc8 20. Nd4
Qxc3 21. Bb5+ Nd7 22. Qxg8+ Ke7 23. Nc6+ {1-0 (23) Cai,S (2056)-Lopez de Anda,
E (1603) Hong Kong HKG 2023}) 9... O-O 10. a4 $146 ({RR} 10. g4 b5 11. g5 Ne8
12. Qd2 Bb7 13. Bf3 b4 14. Nd1 a5 15. a4 e5 16. Bg2 exf4 17. Bxf4 Nb6 18. Nd4
Nc4 19. Qf2 Nc7 20. O-O Ne6 21. Nxe6 fxe6 22. Qg3 Qb6+ 23. Kh1 e5 24. Qb3 exf4
{Hedman,E (2363)-Kuzubov,Y (2578) Helsingor 2008 0-1}) 10... Qc7 11. O-O b6 12.
g4 Bb7 13. Bf3 Rfc8 14. g5 Ne8 15. Nd4 e5 16. Nde2 exf4 17. Nxf4 Bxc3 18. bxc3
Qxc3 19. Bd4 Qxc2 20. Qe1 Ne5 21. Bg2 Rc4 22. Rd1 Qxa4 23. Ne2 Qc6 24. Qf2 Qc7
25. Bxb6 Ng4 26. Bxc7 Nxf2 27. Rxf2 Rxc7 28. Nd4 Rac8 29. Rdf1 a5 30. Bh3 Ba6
31. Bxc8 Bxf1 32. Bg4 Bc4 33. Rb2 Kf8 34. Rb8 Bd3 35. Kf2 Bxe4 36. Nb5 Rb7 37.
Rxe8+ Kxe8 38. Nxd6+ Ke7 39. Nxe4 a4 40. Nc3 a3 41. Ke2 Rb2+ 0-1

[Event "Floripa Chess Open 2024"]
[Site "Florianopolis"]
[Date "2024.01.27"]
[Round "9.20"]
[White "Martins, Anderson Donay"]
[Black "Matsuura, Everaldo"]
[Result "0-1"]
[WhiteElo "2058"]
[BlackElo "2410"]
[PlyCount "76"]
[EventDate "2024.01.20"]
[EventRounds "10"]
[EventCountry "BRA"]

1. e4 c5 2. Nf3 Nc6 3. Bb5 e6 4. c3 Nf6 5. Qe2 Be7 6. O-O O-O 7. d4 a6 8. Bd3
cxd4 9. e5 Nd5 10. cxd4 Ndb4 $146 ({RR} 10... Ncb4 11. Bc4 b5 12. Bb3 Bb7 13.
a3 Nc6 14. Bc2 f5 15. exf6 Nxf6 16. Nc3 Qe8 17. Qd3 Qh5 18. Ne2 Bd6 19. Bf4
Bxf4 20. Nxf4 Qh6 21. Nh3 Ne7 22. Nfg5 Nf5 23. Qd1 Nh4 24. f3 Ng6 25. Rc1 {
Filipovic,B (2415)-Jelen,I (2430) Pula 1987 1/2-1/2 (41)}) 11. Bc4 b5 12. Bb3
Na5 13. Bd1 Bb7 14. a3 Nd5 15. Bc2 Qc7 16. Bg5 Rfc8 17. Bd3 Qd8 18. Bd2 Nb3 19.
Ra2 Nxd2 20. Qxd2 d6 21. Nc3 Nxc3 22. bxc3 Bxf3 23. gxf3 dxe5 24. dxe5 Bg5 25.
f4 Bh6 26. f3 Ra7 27. Qc2 g6 28. f5 gxf5 29. Bxf5 exf5 30. Qxf5 Rc6 31. a4 Rg6+
32. Kh1 Rd7 33. axb5 Rd1 34. Qh3 Qd3 35. Ra1 Rxa1 36. Rxa1 Qxc3 37. Qf1 axb5
38. h3 Qxe5 0-1

[Event "Floripa Chess Open 2024"]
[Site "Florianopolis"]
[Date "2024.01.27"]
[Round "9.21"]
[White "Volkmann, Andre Jordi"]
[Black "Molina, Roberto Junio Brito"]
[Result "0-1"]
[WhiteElo "2083"]
[BlackElo "2381"]
[PlyCount "78"]
[EventDate "2024.01.20"]
[EventRounds "10"]
[EventCountry "BRA"]

1. d4 d5 2. c4 e6 3. Nc3 Nf6 4. cxd5 exd5 5. Bg5 c6 6. e3 Be7 7. Bd3 Nbd7 8.
Nf3 Ne4 9. Bf4 Ndf6 10. O-O O-O 11. Qc2 Bf5 12. Ne5 g6 13. h3 ({RR} 13. f3 Nd6
14. Bxf5 Nxf5 15. g4 Ng7 16. Rad1 Nd7 17. Nd3 Bg5 18. Qf2 Bxf4 19. Nxf4 a5 20.
e4 Ne6 21. Nfe2 dxe4 22. fxe4 Qg5 23. Qg3 h5 24. gxh5 Qxh5 25. Nf4 Qg5 26. Nxe6
Qxg3+ 27. hxg3 fxe6 {Ding Liren (2799)-Duda,J (2729) chess24.com INT 2021 1/
2-1/2 (87)}) ({RR} 13. f3 Nd6 14. Bxf5 Nxf5 15. g4 Nd6 16. Rad1 Re8 17. Kh1 Bf8
18. Bg5 Bg7 19. e4 Qc8 20. Qg2 dxe4 21. fxe4 Qe6 22. Bxf6 Bxf6 23. Nf3 Bg7 24.
e5 Nc4 25. Ng5 Qe7 26. Nce4 Rf8 27. b3 h6 {Xu,Y (2547)-Xu,M (2411) Liaocheng
CHN 2023 1-0 (38)}) 13... Nd6 14. Bxf5 Nxf5 15. Na4 $146 ({RR} 15. Rab1 Re8 16.
b4 Bd6 17. Rfd1 a6 18. a4 Nd7 19. Nd3 Bxf4 20. Nxf4 Nb6 21. b5 axb5 22. axb5
Nc4 23. Qc1 {1/2-1/2 (23) Georgiev,K (2633)-Delchev,A (2595) Montana 2017})
15... Nd6 16. Nc5 Rc8 17. Qa4 a6 18. Rac1 Re8 19. Ned3 Qb6 20. Rc3 Qa7 21. Rb3
Nb5 22. Ne5 Bxc5 23. dxc5 Ne4 24. Rb4 Qxc5 25. Rd1 Rcd8 26. Qb3 Qe7 27. a4 Nbd6
28. Nd3 b5 29. axb5 axb5 30. Ne5 Rc8 31. Rbd4 Nc5 32. Qc2 Nc4 33. Ng4 h5 34.
Nh6+ Kg7 35. g4 Ne6 36. Rxc4 bxc4 37. Qc3+ Kh7 38. g5 Nxg5 39. h4 Nh3+ 0-1

[Event "Floripa Chess Open 2024"]
[Site "Florianopolis"]
[Date "2024.01.27"]
[Round "9.22"]
[White "Roselli Mailhe, Bernardo"]
[Black "De Carvalho, Vitor Augusto Ponci"]
[Result "1/2-1/2"]
[WhiteElo "2364"]
[BlackElo "2124"]
[PlyCount "89"]
[EventDate "2024.01.20"]
[EventRounds "10"]
[EventCountry "BRA"]

1. d4 Nf6 2. c4 g6 3. Nc3 d5 4. Nf3 Bg7 5. Bg5 Ne4 6. Bf4 Nxc3 7. bxc3 O-O 8.
e3 c5 9. cxd5 cxd4 10. cxd4 Qxd5 11. Be2 Nc6 12. O-O Bf5 13. Qa4 Qa5 14. Qxa5
Nxa5 15. Nd2 Rac8 16. g4 Be6 17. Rfc1 Rxc1+ 18. Rxc1 Rc8 19. Rxc8+ Bxc8 20. Bf3
$146 ({RR} 20. d5 Bc3 21. Ne4 Bb4 22. Bc7 b6 23. Bb8 Bb7 24. Bxa7 Bxd5 25. Bf3
Bxa2 26. Bxb6 {1/2-1/2 (26) Gustafsson,J (2643)-Tomczak,J (2584) Baden Baden
GER 2022}) ({RR} 20. d5 e6 21. Bc7 b6 22. Bb8 a6 23. Bc7 exd5 24. Bxb6 Nc6 25.
Nb3 Bc3 26. g5 Kf8 27. f4 Ke7 28. Kf2 Kd6 29. h4 Bb4 30. h5 Ne7 31. Bd4 Nf5 32.
Be5+ Kc6 33. Nd4+ Nxd4 34. Bxd4 a5 {Sargissian,G (2682)-Mchedlishvili,M (2570)
chess.com INT 2020 1/2-1/2 (40)}) 20... Nc6 21. Bxc6 bxc6 22. g5 f6 23. Bb8 a6
24. gxf6 exf6 25. Bd6 f5 26. Kf1 g5 27. Ke2 Be6 28. a3 Kf7 29. Kd3 g4 30. Nc4
Bxc4+ 31. Kxc4 Ke6 32. Kc5 Kd7 33. a4 Bf6 34. Bf4 Bd8 35. Bg3 h5 36. Bf4 Ba5
37. Be5 Be1 38. Bg3 Ba5 39. d5 cxd5 40. Kxd5 Bc3 41. Bh4 Bb2 42. Kc5 Bc3 43.
Kb6 a5 44. Kc5 Ke6 45. Bg3 1/2-1/2

[Event "Floripa Chess Open 2024"]
[Site "Florianopolis"]
[Date "2024.01.27"]
[Round "9.23"]
[White "Von Buelow, Georg"]
[Black "Uczai, Joao Pedro Filimber"]
[Result "1/2-1/2"]
[WhiteElo "2345"]
[BlackElo "2122"]
[PlyCount "65"]
[EventDate "2024.01.20"]
[EventRounds "10"]
[EventCountry "BRA"]

1. Nf3 d5 2. d4 Nf6 3. c4 e6 4. Nc3 Be7 5. Bf4 O-O 6. e3 b6 7. cxd5 Nxd5 8.
Nxd5 exd5 9. Bd3 c5 10. b3 cxd4 $146 ({RR} 10... Nc6 11. O-O Be6 12. Rc1 g6 13.
h3 a6 14. Qe2 Qc8 15. Rfd1 Re8 16. Bb1 Bf8 17. dxc5 bxc5 18. Ng5 Qb7 19. Qf3
Rad8 20. Qg3 Bc8 21. h4 Ne7 22. Bc7 Rd7 23. Be5 Nc6 24. Bf4 Nd8 25. h5 {
Buhmann,R (2633)-Zude,A (2390) Bad Wiessee 2016 1-0 (41)}) ({RR} 10... Nc6 11.
O-O Be6 12. Rc1 a5 13. h3 g6 14. Bb5 Qc8 15. dxc5 bxc5 16. Nd4 Nxd4 17. exd4
Qb7 18. a4 Rfc8 19. Re1 cxd4 20. Qxd4 Rxc1 21. Rxc1 Rc8 22. Rxc8+ Qxc8 23. Bd2
Qc7 24. Bc3 f6 25. b4 {Ding Liren (2805)-Carlsen,M (2882) Saint Louis USA 2019
1-0 (55)}) ({RR} 10... Nc6 11. O-O Nb4 12. Be2 Be6 13. Ne5 f6 14. Nd3 a5 15.
Bg3 Nxd3 16. Bxd3 f5 17. Bb5 Bd6 18. Rc1 Rc8 19. Qe2 Kh8 20. Rfd1 Bg8 21. Rc2
f4 22. exf4 Bxf4 23. dxc5 Bxg3 24. hxg3 bxc5 25. Rdc1 {Ngo,B (2309)-Belenkaya,
D (2300) Charlotte USA 2023 1/2-1/2 (64)}) ({RR} 10... Nc6 11. O-O Be6 12. Rc1
a5 13. Qe2 h6 14. Rfd1 Qc8 15. Bb5 Qb7 16. dxc5 bxc5 17. h3 Qb6 18. Rd2 Na7 19.
Ba4 Rac8 20. Ne5 Rfd8 21. e4 d4 22. Nc4 Qa6 23. Rd3 Nb5 24. Bd2 Nc3 25. Bxc3 {
Batsiashvili,N (2417)-Pogonina,N (2508) Plovdiv 2014 1-0 (89)}) 11. Nxd4 Bb4+
12. Kf1 Qf6 13. Qh5 g6 14. Qxd5 Ba6 15. Qxa8 Bxd3+ 16. Kg1 Bc3 17. Rd1 Bxd4 18.
Qf3 Bc2 19. Rxd4 Nc6 20. Bh6 Qxf3 21. gxf3 Nxd4 22. exd4 Rd8 23. Kg2 f6 24. Rc1
Bf5 25. Rc7 Rd7 26. Rc8+ Kf7 27. Rf8+ Ke6 28. Be3 Ke7 29. Rh8 Ke6 30. Kf1 Bb1
31. a3 Ba2 32. b4 Bd5 33. Ke2 1/2-1/2

[Event "Floripa Chess Open 2024"]
[Site "Florianopolis"]
[Date "2024.01.27"]
[Round "9.24"]
[White "Calcado, Acyr Rogerio"]
[Black "Gemy, Jose Daniel"]
[Result "1-0"]
[WhiteElo "2118"]
[BlackElo "2329"]
[PlyCount "67"]
[EventDate "2024.01.20"]
[EventRounds "10"]
[EventCountry "BRA"]

1. e4 e5 2. Nf3 Nc6 3. d4 exd4 4. Bc4 Nf6 5. e5 d5 6. Bb5 Ne4 7. Nxd4 Bd7 8.
Bxc6 bxc6 9. O-O Bc5 10. f3 Ng5 11. Be3 Bb6 12. f4 Ne4 13. Nd2 c5 14. N4f3 Nxd2
15. Qxd2 d4 16. Bf2 Bc6 17. Bh4 Qd5 18. f5 Kd7 19. c4 Qxc4 20. e6+ Kc8 21. Ne5
Qd5 22. Nxc6 Qxc6 23. Rae1 $146 ({RR} 23. exf7 Rf8 24. Qe2 Rxf7 25. Qa6+ Kd7
26. a4 Raf8 27. a5 Rxf5 28. Rxf5 Rxf5 29. axb6 axb6 30. Re1 g5 31. Qe2 Qg6 32.
Qe7+ Kc8 33. Bg3 Rf7 34. Qe8+ Kb7 35. Qd8 Qf5 36. Ra1 Kc6 37. Qa8+ Kd7 {
Kim,T (1980)-Villalba,M (2269) Florianópolis - Santa Catari 2023 1-0 (41)}) ({
RR} 23. exf7 Rf8 24. Qe2 Rxf7 25. Qa6+ Kd7 26. Qc4 Raf8 27. a4 Ba5 28. Rad1
Rxf5 29. Rxf5 Rxf5 30. Qg8 Qxa4 31. Qd8+ Ke6 32. Qc8+ Qd7 33. Qa6+ Bb6 34. Qd3
Kd5 35. Re1 c4 36. Qe4+ Kc5 37. b3 Qd5 {Samsonkin,A (2420)-Meshkovs,N (2573)
Toronto CAN 2023 0-1 (44)}) ({RR} 23. exf7 Rf8 24. Qe2 Rxf7 25. Qa6+ Kd7 26. a4
Raf8 27. a5 Rxf5 28. Rxf5 Rxf5 29. axb6 axb6 30. Re1 g5 31. Qe2 Qg6 32. Qe7+
Kc8 33. Bg3 Rf7 34. Qe8+ Kb7 35. Qd8 Qf5 36. Ra1 Kc6 37. Qa8+ Kd7 {Kim,T (1980)
-Villalba,M (2269) Florianopolis BRA 2023 1-0 (41)}) 23... Kb7 24. exf7 Rhf8
25. Re7 Qd5 26. f6 g6 27. b3 c4 28. bxc4 Qxc4 29. Rc1 Qd5 30. Rcxc7+ Bxc7 31.
Qb4+ Kc6 32. Qa4+ Kb6 33. Qb4+ Qb5 34. Re6+ 1-0

[Event "Floripa Chess Open 2024"]
[Site "Florianopolis"]
[Date "2024.01.27"]
[Round "9.25"]
[White "Labussiere, Victor"]
[Black "Zampronha, Wladimir Camilo"]
[Result "1-0"]
[WhiteElo "2328"]
[BlackElo "2121"]
[PlyCount "61"]
[EventDate "2024.01.20"]
[EventRounds "10"]
[EventCountry "BRA"]

1. c4 Nf6 2. Nf3 e6 3. d4 c5 4. d5 exd5 5. cxd5 d6 6. Nc3 g6 7. Bf4 a6 8. e4 b5
9. Qe2 Nh5 10. Bg5 f6 11. Be3 Bg4 12. h3 Bxf3 13. Qxf3 Nd7 14. a4 $146 ({RR} 
14. g4 Ng7 15. Qg3 Qe7 16. Bg2 O-O-O 17. O-O h5 18. b4 h4 19. Qf3 cxb4 20. Nb1
Ne5 21. Qe2 Ne8 22. Bb6 Rd7 23. Nd2 f5 24. f4 Nf7 25. Nb3 Bg7 26. e5 dxe5 27.
Rac1+ Nc7 28. Nc5 exf4 {Silman,J (2355)-McCambridge,V San Francisco 1982 1-0  
(34)}) 14... b4 15. Nb1 Ng7 16. g4 Kf7 17. Nd2 Qe7 18. Be2 Ne8 19. h4 h6 20.
O-O-O Ne5 21. Qg3 c4 22. f4 c3 23. Nb3 cxb2+ 24. Kxb2 Nd7 25. Bd3 Bg7 26. Kb1
Nc5 27. Bxc5 dxc5 28. Rhe1 g5 29. e5 gxf4 30. Qxf4 Kg8 31. d6 1-0

[Event "Floripa Chess Open 2024"]
[Site "Florianopolis"]
[Date "2024.01.27"]
[Round "9.26"]
[White "Menna Barreto, Felipe Kubiaki"]
[Black "Almeida Junior, Alvaro Alves De"]
[Result "1/2-1/2"]
[WhiteElo "2278"]
[BlackElo "2099"]
[PlyCount "50"]
[EventDate "2024.01.20"]
[EventRounds "10"]
[EventCountry "BRA"]

1. Nf3 Nf6 2. c4 e6 3. b3 b6 4. g3 Bb7 5. Bg2 Be7 6. Bb2 O-O 7. O-O d5 8. cxd5
Bxd5 9. Nc3 Bb7 10. d4 c5 11. dxc5 ({RR} 11. Rc1 Nbd7 12. Qd2 Rc8 13. Rfd1 cxd4
14. Nxd4 Bxg2 15. Kxg2 Qc7 16. Kg1 Qb7 17. Ndb5 Rc6 18. Ne4 Rxc1 19. Nxf6+ Nxf6
20. Rxc1 Rd8 21. Qc2 Bc5 22. Rd1 Rd7 23. Rxd7 {1/2-1/2 (23) Menna Barreto,F  
(2278)-Volkmann,A (2083) Florianopolis BRA 2024}) 11... Bxc5 12. Qc2 Qe7 $146 (
{RR} 12... Nbd7 13. Rad1 Qc7 14. Qb1 Bc6 15. Ng5 Bxg2 16. Kxg2 h6 17. Nge4 Be7
18. Kg1 Nc5 19. Nxc5 Qxc5 20. Ne4 Nxe4 21. Qxe4 Rfd8 22. Rd3 Rxd3 23. Qxa8+ Rd8
24. Qxa7 Rd2 25. Rc1 Qd6 26. Be5 Rd1+ 27. Rxd1 {Tologontegin,S (2419)-Agmanov,
Z (2350) Pavlodar 2017 1/2-1/2}) 13. Rad1 Nbd7 14. Ng5 Bxg2 15. Kxg2 h6 16.
Nge4 Bb4 17. Nxf6+ Nxf6 18. Ne4 Nxe4 19. Qxe4 Rfd8 20. f3 Rac8 21. Qg4 f5 22.
Qg6 Qf7 23. Qxf7+ Kxf7 24. Rxd8 Rxd8 25. Rc1 Rd7 1/2-1/2

[Event "Floripa Chess Open 2024"]
[Site "Florianopolis"]
[Date "2024.01.27"]
[Round "9.27"]
[White "Pires, Marcos Vinicius Tor"]
[Black "Fernandez, Maria Florencia"]
[Result "1/2-1/2"]
[WhiteElo "2253"]
[BlackElo "2074"]
[PlyCount "78"]
[EventDate "2024.01.20"]
[EventRounds "10"]
[EventCountry "BRA"]

1. Nf3 Nf6 2. d4 e6 3. g3 d5 4. Bg2 c5 5. O-O Nc6 6. c4 dxc4 7. Ne5 Nxe5 8.
dxe5 Qxd1 9. Rxd1 Nd5 10. Na3 Bd7 11. Nxc4 Bb5 12. b3 O-O-O 13. Bg5 Rd7 14.
Rac1 h6 15. Bd2 Bxc4 $146 ({RR} 15... Kb8 16. a4 Ba6 17. Be1 Be7 18. e4 Bxc4
19. bxc4 Nb6 20. Rxd7 Nxd7 21. f4 Rd8 22. a5 Kc7 23. h4 Nb8 24. Bc3 Nc6 25. Kf2
Nb4 26. Ke2 Na2 {1/2-1/2 (26) Tolush,A-Ravinsky,G Riga (Latvia) 1952}) 16. Rxc4
Be7 17. Rdc1 Rhd8 18. R4c2 Kb8 19. Be4 Nb4 20. Bxb4 cxb4 21. Bd3 b6 22. Kg2 Bc5
23. f4 Be3 24. Rf1 Rc7 25. Rxc7 Kxc7 26. Kf3 Bd2 27. Ke4 Bc3 28. g4 f6 29. exf6
Bxf6 30. Rc1+ Bc3 31. a3 a5 32. axb4 axb4 33. h4 Rd4+ 34. Ke3 e5 35. Be4 exf4+
36. Kxf4 Rd2 37. e3 Kd6 38. Bh7 Rh2 39. Rd1+ Rd2 1/2-1/2

[Event "Floripa Chess Open 2024"]
[Site "Florianopolis"]
[Date "2024.01.27"]
[Round "9.28"]
[White "De Siqueira, Luigy Lira"]
[Black "Araujo, Renan Aparecido"]
[Result "1-0"]
[WhiteElo "2230"]
[BlackElo "2062"]
[PlyCount "103"]
[EventDate "2024.01.20"]
[EventRounds "10"]
[EventCountry "BRA"]

1. e4 c5 2. Nf3 Nc6 3. Bb5 e5 4. O-O Bd6 5. c3 a6 6. Ba4 b5 7. Bc2 Nge7 8. d4
cxd4 9. cxd4 Nxd4 10. Nxd4 exd4 11. Nd2 Qc7 12. Nf3 Nc6 13. Bg5 $146 ({RR} 13.
Re1 Bb7 14. e5 Bc5 15. a3 b4 16. Ng5 Nd8 17. Ne4 Ne6 18. Nxc5 Qxc5 19. axb4 Qb6
20. Bd2 O-O 21. Ra3 f5 22. Rg3 Rf7 23. Bd3 Raf8 24. f4 Be4 25. Bc4 Bc6 26. Kh1
Bb5 27. Bd5 Bc6 {Koziorowicz,M (2321)-Cabiativa,J (2080) Mexico City MEX 2023
0-1 (41)}) 13... h6 14. Bh4 O-O 15. Rc1 Qb6 16. e5 Bxe5 17. Qd3 f5 18. Bb3+ Kh7
19. Rxc6 dxc6 20. Nxe5 c5 21. Bd5 Ra7 22. f4 Qd6 23. Bf3 c4 24. Qd2 Rc7 25. Bf2
Rd8 26. Rd1 d3 27. a3 Bb7 28. Bh5 Rf8 29. Qe3 Be4 30. Be1 Rf6 31. Bb4 Qd5 32.
Bf3 Bxf3 33. Qxf3 Qd4+ 34. Qf2 Qd5 35. h4 g6 36. Kh2 Re6 37. Bc3 g5 38. g3 gxh4
39. gxh4 Rg7 40. Rg1 Ree7 41. h5 Qe4 42. Ng6 Qe2 43. Nf8+ Kg8 44. Rxg7+ Kxf8
45. Qxe2 Rxe2+ 46. Rg2 Re4 47. Kg3 Kf7 48. Kf3 Ke6 49. Rg6+ Kd5 50. Rxh6 Re2
51. Bb4 c3 52. b3 1-0

[Event "Floripa Chess Open 2024"]
[Site "Florianopolis"]
[Date "2024.01.27"]
[Round "9.29"]
[White "Zacarias, Rodrigo Medeiros"]
[Black "Campos, Maria Jose"]
[Result "1/2-1/2"]
[WhiteElo "2058"]
[BlackElo "2208"]
[PlyCount "101"]
[EventDate "2024.01.20"]
[EventRounds "10"]
[EventCountry "BRA"]

1. e4 e5 2. Nf3 Nc6 3. Bb5 a6 4. Bxc6 dxc6 5. O-O Be7 6. d4 exd4 7. Qxd4 Qxd4
8. Nxd4 Bd7 ({RR} 8... c5 9. Ne2 Bd7 10. Nbc3 O-O-O 11. Nd5 Bb5 12. Re1 Bd6 13.
Nec3 Bc6 14. Be3 Ne7 15. Nxe7+ Bxe7 16. Rad1 Bf6 17. Nd5 Bxd5 18. exd5 c4 19.
b3 b5 20. bxc4 bxc4 21. Bd4 Rxd5 22. Bxf6 Rxd1 23. Rxd1 {Righi,E (1915)
-Darmanin,J (2106) Tornelo INT 2021 0-1 (40)}) 9. Be3 O-O-O 10. Nd2 Nf6 $146 ({
RR} 10... Bf6 11. c3 c5 12. N4f3 b6 13. Bg5 h6 14. Bxf6 Nxf6 15. Rfe1 Rhe8 16.
e5 Nd5 17. g3 Bc6 18. Re2 Re6 19. Nh4 f6 20. Nf5 Rd7 21. Rae1 fxe5 22. Nc4 e4
23. f4 Bb5 24. Ne5 Bxe2 25. Nxd7 {Wisnet,D (2166)-Pitl,G (2392) Bayern 2014
0-1 (49)}) 11. f3 Rhe8 12. Rad1 h6 13. N4b3 b6 14. Rfe1 c5 15. Nf1 Ng8 16. Bf2
Bf6 17. c3 a5 18. Ne3 Ne7 19. Bg3 g6 20. Nc1 Bg7 21. Ne2 g5 22. h4 a4 23. hxg5
hxg5 24. a3 f5 25. exf5 Bxf5 26. Rxd8+ Rxd8 27. Rd1 Rxd1+ 28. Nxd1 g4 29. Ne3
gxf3 30. Nxf5 Nxf5 31. gxf3 Nxg3 32. Nxg3 Bh6 33. Ne2 Kd7 34. Kf2 Ke6 35. Ke1
c4 36. Kf2 Ke5 37. Kg3 c5 38. Kg4 b5 39. Kh5 Bd2 40. Kg6 b4 41. Kf7 bxa3 42.
bxa3 Bg5 43. Ke8 Ke6 44. Kf8 Bf6 45. Ke8 Bh4 46. Nf4+ Kd6 47. Kf7 Bg5 48. Ne2
Ke5 49. Kg6 Bd8 50. Kf7 Bg5 51. Kg6 1/2-1/2

[Event "Floripa Chess Open 2024"]
[Site "Florianopolis"]
[Date "2024.01.27"]
[Round "9.30"]
[White "Mariani, Daniel Brandao"]
[Black "Bauza, Alejandro"]
[Result "1/2-1/2"]
[WhiteElo "2040"]
[BlackElo "2205"]
[PlyCount "27"]
[EventDate "2024.01.20"]
[EventRounds "10"]
[EventCountry "BRA"]

1. c4 Nf6 2. Nc3 e6 3. e4 d5 4. e5 d4 5. exf6 dxc3 6. bxc3 Qxf6 7. d4 Qd8 8.
Nf3 Be7 9. Bd3 Nd7 ({RR} 9... O-O 10. O-O b6 11. Be4 c6 12. Ne5 Bb7 13. f4 Qc7
14. Qh5 g6 15. Qh3 Bf6 16. Ng4 Bg7 17. Nh6+ Kh8 18. Ba3 c5 19. Bxb7 Qxb7 20.
dxc5 Qe7 21. cxb6 Qxa3 22. b7 Nc6 23. bxa8=Q Rxa8 24. Nxf7+ {Rodriguez
Santiago,J (2026)-Joubert,D (1566) chess.com INT 2023 1-0}) 10. O-O O-O 11. Qe2
Nf6 12. Bg5 $146 ({RR} 12. Ne5 c5 13. Rd1 Nd7 14. Bf4 Nxe5 15. Bxe5 f5 16. Bc2
cxd4 17. cxd4 Bd6 18. Bb3 f4 19. Bxd6 Qxd6 20. c5 Qc7 21. Bxe6+ Bxe6 22. Qxe6+
Kh8 23. Re1 f3 24. g3 Rad8 25. Rad1 h6 26. h3 Rf6 {Plachetka,J-Augustin,J
Harrachov 1966 1-0 (42)}) 12... Re8 13. Ne5 h6 14. Bf4 1/2-1/2

[Event "Floripa Chess Open 2024"]
[Site "Florianopolis"]
[Date "2024.01.27"]
[Round "9.31"]
[White "Veloso, Henrique Barbosa"]
[Black "Rodi, Luis Ernesto"]
[Result "0-1"]
[WhiteElo "2029"]
[BlackElo "2196"]
[PlyCount "98"]
[EventDate "2024.01.20"]
[EventRounds "10"]
[EventCountry "BRA"]

1. d4 Nf6 2. c4 e5 3. dxe5 Ng4 4. Nf3 Nc6 5. Bf4 Bb4+ 6. Nbd2 Qe7 7. e3 Ngxe5
8. Nxe5 Nxe5 9. a3 Bxd2+ 10. Qxd2 d6 11. Be2 Bd7 12. O-O ({RR} 12. Qc3 Bc6 13.
O-O Ng6 14. Bg3 h5 15. h3 Nh4 16. f3 Nf5 17. Bf2 h4 18. b4 Ng3 19. Bxg3 hxg3
20. b5 Bd7 21. Rfe1 Bxh3 22. gxh3 Rxh3 23. Bf1 Rh1+ 24. Kg2 Rh2+ 25. Kg1 Qh4
26. Bg2 Rxg2+ {Oye-Stromberg,A (2332)-Fajdetic,H (2151) chess.com INT 2022 0-1}
) 12... g5 ({RR} 12... Ng6 13. Bg3 h5 14. h3 h4 15. Bh2 Bc6 16. b4 Qg5 17. f3
O-O 18. Rad1 Ba4 19. Rc1 Rae8 20. Rc3 Bc6 21. Rd1 f5 22. c5 dxc5 23. b5 Bxb5
24. Bxb5 c6 25. Bc4+ Kh8 26. Bd6 Rd8 27. Rd3 {Mareco,S (2503)-Rodi,L (2357)
Sao Paulo 2009 1-0 (36)}) 13. Bxe5 Qxe5 14. Bf3 g4 $146 ({RR} 14... Bc6 15.
Bxc6+ bxc6 16. Rac1 Rb8 17. b4 O-O 18. f4 gxf4 19. exf4 Qf6 20. Qe3 Rbe8 21.
Qxa7 Re2 22. Qxc7 Qd4+ 23. Kh1 Qe4 24. Rg1 Kh8 25. Qxd6 Rg8 26. Qe5+ Qxe5 27.
fxe5 Rxe5 28. Rge1 Reg5 29. Re2 {Torres,L-Skliar,F Tres Arroyos 1994 1-0 (52)})
15. Be2 h5 16. Qd4 Bc6 17. Rfd1 Ke7 18. Qxe5+ dxe5 19. c5 Rad8 20. Bc4 h4 21.
Kf1 f5 22. Rac1 Rhf8 23. b3 Be4 24. a4 a5 25. Be2 Rxd1+ 26. Rxd1 Bc2 27. Rd2
Bxb3 28. Rb2 Bd5 29. Rb5 Ra8 30. Rb2 Rd8 31. Rb5 Ra8 32. Rb2 Ke6 33. Bb5 Rb8
34. Rd2 Rd8 35. f3 Ke7 36. Kf2 Be6 37. Rb2 Rd5 38. Rc2 Rd1 39. fxg4 fxg4 40.
Bc4 Bf5 41. Rb2 Rb1 42. Rxb1 Bxb1 43. g3 Bc2 44. gxh4 Bxa4 45. Ke2 Be8 46. Kd3
b5 47. cxb6 cxb6 48. Ke4 Kf6 49. Be2 Bc6+ 0-1

[Event "Floripa Chess Open 2024"]
[Site "Florianopolis"]
[Date "2024.01.27"]
[Round "9.32"]
[White "Marques, Eudes Pinto"]
[Black "Marra, Eduardo Da Costa"]
[Result "0-1"]
[WhiteElo "1863"]
[BlackElo "2189"]
[PlyCount "111"]
[EventDate "2024.01.20"]
[EventRounds "10"]
[EventCountry "BRA"]

1. c4 Nf6 2. Nf3 g6 3. Nc3 Bg7 4. d4 O-O 5. Bg5 h6 6. Bxf6 Bxf6 7. Qd2 Bg7 8.
e4 ({RR} 8. g3 c5 9. Bg2 cxd4 10. Nxd4 Nc6 11. e3 d6 12. Nxc6 bxc6 13. Bxc6 Rb8
14. b3 Bh3 15. Rc1 e6 16. Ne2 g5 17. Ng1 Bf5 18. Bg2 a5 19. Ne2 a4 20. b4 a3
21. O-O Qb6 22. b5 d5 {Dimakiling,O (2500)-Xu,J (2574) Cebu 2007 1/2-1/2 (32)})
({RR} 8. e3 d6 9. Be2 Nd7 10. h4 e5 11. d5 f5 12. Nh2 Qxh4 13. O-O-O Qxf2 14.
g3 Qxg3 15. Nf3 f4 16. e4 g5 17. Rdg1 Qf2 18. Nd1 Qb6 19. Nxg5 hxg5 20. Rxg5
Qd4 21. Bd3 Rf7 22. Qh2 Kf8 {Huribao-Qingbai Hohhot CHN 2023 1/2-1/2}) 8... c5
9. d5 d6 10. h3 e6 $146 ({RR} 10... e5 11. Bd3 f5 12. O-O-O a6 13. h4 b5 14. h5
g5 15. Ne1 b4 16. Nb1 f4 17. f3 Nd7 18. a3 Rb8 19. axb4 cxb4 20. b3 Qb6 21. Bc2
a5 22. Nd3 a4 23. Qf2 Qxf2 24. Nxf2 axb3 25. Bxb3 {Medici,S (2101)-Zakic,S  
(2345) Lugano 2014 0-1 (50)}) 11. Bd3 exd5 12. Nxd5 Nc6 13. O-O Be6 14. Rfe1 a6
15. Rad1 Kh7 16. a3 Rb8 17. b4 b6 18. Bc2 Nd4 19. Nxd4 Bxd4 20. Bd3 Qh4 21. Bf1
Bxd5 22. exd5 Qf6 23. Re4 Rbe8 24. Rf4 Qg7 25. Rf3 Re7 26. Bd3 Rfe8 27. g3 Qe5
28. Kg2 Kg7 29. bxc5 dxc5 30. a4 b5 31. axb5 axb5 32. Qf4 Qxf4 33. Rxf4 b4 34.
Bc2 Re2 35. Ba4 Ra8 36. Bb3 Be5 37. Rf3 Ra6 38. Rdd3 Kf8 39. Bd1 Re1 40. Rfe3
Rxe3 41. fxe3 Ra2+ 42. Kf3 Ke7 43. h4 Rh2 44. e4 Kd6 45. Ba4 h5 46. Re3 Rd2 47.
g4 Rh2 48. gxh5 gxh5 49. Bd1 Rxh4 50. Kg2 Rh2+ 51. Kf1 Rh1+ 52. Ke2 h4 53. Rf3
h3 54. Rxf7 h2 55. Rh7 Rg1 56. Rh6+ 0-1